| 000 | 00889nas a2200277 4500 | ||
|---|---|---|---|
| 001 | BR0504969 | ||
| 003 | BR-BrBNA | ||
| 005 | 20231205105700.0 | ||
| 007 | ta | ||
| 008 | 230509b bl.|||p| |||| 00| 00por d | ||
| 040 |
_aBR-BrBNA _bpor _cBiblioteca Nacional de Agricultura |
||
| 041 | _a(Pt) | ||
| 072 | _aU10; H01 | ||
| 100 | 1 | _aBaio, F.H.R.Antuniassi, U.R. | |
| 100 | 1 | _aBalastreire, L.A. | |
| 100 | 1 | _aCaixeta Filho, J.V. | |
| 245 | 1 | _aModelo de programação linear para seleção de pulverizadores agrícolas de barras | |
| 650 | _aMÁQUINA AGRÍCOLA | ||
| 650 | _aPROGRAMAÇÃO LINEAR | ||
| 650 | _aPULVERIZAÇÃO | ||
| 650 | _aTRATAMENTO FITOSSANITÁRIO | ||
| 650 | _aMODELO MATEMÁTICO | ||
| 773 | 0 |
_tEngenharia Agrícola (Brazil) _xISSN 0100-6916 _g(May-Aug 2004), v. 24(2) p. 355-363 _wBR0504969 |
|
| 909 |
_a202311 _bLúcia _c55 _dLúcia Elande |
||
| 942 |
_2AGRIS _n0 _cANA |
||
| 999 |
_c184123 _d184123 |
||